01781nam a2200421 a 450000100080000000500110000800800410001910000270006024501930008726002610028030000120054152002600055365000250081365000220083865000170086065000220087765000180089965000240091765000160094165000220095765000170097965000210099665000270101765000220104465000180106665000210108465300090110565300240111465300240113865300240116265300240118665300260121065300220123665300210125865300180127965300430129765300190134015035972026-04-29 2000 bl uuuu u00u1 u #d1 aOLIVEIRA, M. V. N. d'. aEffects of a small scale non-mechanised forest management and a high impact and mechanised forest management on the forest dynamics and growth of the residual trees.h[electronic resource] aIn: SIMPÓSIO INTERNACIONAL DA IUFRO, 2000, Belém, PA. Manejo integrado de florestas úmidas neotropicais por indústrias e comunidades: aplicando resultados de pesquisa, envolvendo atores e definindo políticas públicas: resumos. Belém, PA: IUFROc2000 ap. 111. aThis study was perfonned in PSPs located at the CPAF-ACRE EMBRAPA experirnental area and at the PC Peixoto management areas. At CPAF-ACRE the managed area was mechanically exploited in 1992 and at PC Peixoto animal traction was used to extract the planks. aEnvironmental impact aForest management aForest trees aHuman settlements aMechanization aPopulation dynamics aSmall farms aÁrvore Florestal aAssentamento aComunidade Rural aDinâmica Populacional aImpacto Ambiental aMecanização aPequeno Produtor aAcre aAmazonia Occidental aAmazônia Ocidental aÁrboles forestales aAsentamiento humano aDinámica poblacional aGranjas pequeñas aManejo florestal aMecanización aProjeto de Colonização Pedro Peixoto aWestern Amazon